[Event "HEM 2006 S"]
[Site "Marburg"]
[Date "2006.04.15"]
[Round "9.4"]
[White "Schmieder, Wolfgang"]
[Black "Czech, Ludwig"]
[Result "0-1"]
[WhiteElo "1978"]
[BlackElo "2139"]
[PlyCount "70"]
[EventDate "2006.04.08"]
[EventType "swiss"]
[EventCountry "GER"]

1. c4 e5 2. Nc3 Nc6 3. Nf3 d6 4. d4 exd4 5. Nxd4 Nge7 6. Bg5 Bd7 7. e4 Nxd4 8.
Qxd4 h6 9. Bxe7 Qxe7 10. Nd5 Qd8 11. Bd3 c6 12. Nc3 Qb6 13. Qxb6 axb6 14. O-O
Be7 15. b3 Bf6 16. Rfc1 Ra3 17. f4 Bd4+ 18. Kh1 O-O 19. Nb1 Bxa1 20. Nxa3 Bb2
21. Re1 Bxa3 22. h3 Re8 23. Re2 f5 24. g3 fxe4 25. Bxe4 Bxh3 26. Bh7+ Kf8 27.
Rd2 Re1+ 28. Kh2 Bg4 29. Bd3 Bf3 30. Kh3 Bc5 31. Bf5 Ke7 32. Bc8 Kd8 33. Bxb7
Kc7 34. Ba6 Rh1+ 35. Rh2 Bg4+ 0-1

[Event "HEM 2006 S"]
[Site "Marburg"]
[Date "2006.04.15"]
[Round "9.6"]
[White "Böhm, Siegfried"]
[Black "Hegner, Peter"]
[Result "1-0"]
[WhiteElo "2149"]
[BlackElo "1645"]
[PlyCount "65"]
[EventDate "2006.04.08"]
[EventType "swiss"]
[EventCountry "GER"]

1. c4 e5 2. Nc3 Nf6 3. g3 d5 4. cxd5 Nxd5 5. Bg2 Nb6 6. d3 Be7 7. Nf3 Nc6 8.
O-O O-O 9. Be3 Kh8 10. d4 exd4 11. Nxd4 Nxd4 12. Qxd4 Qxd4 13. Bxd4 c6 14. Rad1
Be6 15. f4 Rad8 16. f5 Bd5 17. Nxd5 Nxd5 18. e4 Nb6 19. b3 f6 20. g4 Nc8 21. e5
fxe5 22. Bxe5 Bc5+ 23. Kh1 Bd6 24. Bc3 Rde8 25. Rfe1 Kg8 26. a4 a6 27. a5 Rxe1+
28. Rxe1 Kf7 29. Bf1 Kg8 30. Bc4+ Kh8 31. f6 gxf6 32. g5 Be5 33. Rxe5 1-0

[Event "HEM 2006 S"]
[Site "Marburg"]
[Date "2006.04.15"]
[Round "9.7"]
[White "Christ, Anton"]
[Black "Wohlfart, Karl-Heinz"]
[Result "1/2-1/2"]
[WhiteElo "1664"]
[BlackElo "1970"]
[PlyCount "58"]
[EventDate "2006.04.08"]
[EventType "swiss"]
[EventCountry "GER"]

1. e4 d6 2. d4 Nf6 3. Nc3 c6 4. Bd3 g6 5. Nge2 Bg7 6. O-O O-O 7. e5 dxe5 8.
dxe5 Nd5 9. Nxd5 cxd5 10. f4 Nc6 11. c3 Be6 12. Be3 Qd7 13. Nd4 Nxd4 14. Bxd4
Rfc8 15. Qf3 Bg4 16. Qg3 Bf5 17. Rad1 Bxd3 18. Qxd3 Rc6 19. f5 gxf5 20. Qxf5
Qxf5 21. Rxf5 Re6 22. Rdf1 Rf8 23. g4 b6 24. Kg2 Rg6 25. Kg3 e6 26. Rh5 f6 27.
exf6 Bxf6 28. Rxf6 Rfxf6 29. Bxf6 Rxf6 1/2-1/2

[Event "HEM 2006 S"]
[Site "Marburg"]
[Date "2006.04.15"]
[Round "9.9"]
[White "Brossette, Horst"]
[Black "Kicler, Jakob"]
[Result "0-1"]
[WhiteElo "1774"]
[BlackElo "1638"]
[PlyCount "117"]
[EventDate "2006.04.08"]
[EventType "swiss"]
[EventCountry "GER"]

1. d4 d5 2. Nf3 Nf6 3. c4 e6 4. Nc3 Be7 5. Bg5 O-O 6. e3 Nbd7 7. Bd3 h6 8. Bh4
c5 9. O-O dxc4 10. Bxc4 Nb6 11. Bb3 c4 12. Bc2 a6 13. Rc1 Nfd5 14. Bxe7 Qxe7
15. Ne5 Qg5 16. Bb1 Rd8 17. Qc2 f5 18. Ne2 Nd7 19. Nxc4 N7f6 20. Ne5 b5 21. f4
Qh5 22. Ng3 Qe8 23. Rfe1 Bb7 24. Nf1 Rac8 25. Qf2 Ne7 26. Nd2 Qh5 27. Ndf3 Kh7
28. h3 Kg8 29. Rc5 Rxc5 30. dxc5 Rc8 31. b4 Ned5 32. a3 Nc3 33. Bc2 Bd5 34. Nd4
Qe8 35. g4 Nce4 36. Qh2 g6 37. Kf1 Kh7 38. Ke2 Nd7 39. gxf5 exf5 40. Rg1 Nxe5
41. fxe5 Qf7 42. Qf4 Bc4+ 43. Ke1 Ng5 44. Qh4 Kg7 45. Qf4 Kh7 46. Nxf5 Rf8 47.
Nh4 Qxf4 48. Bxg6+ Kg7 49. exf4 Rxf4 50. Rg4 Rf1+ 51. Kd2 Ra1 52. Rxc4 bxc4 53.
e6 Nxe6 54. Kc3 Rxa3+ 55. Kxc4 Rxh3 56. Kd5 Nf4+ 57. Kd6 Nxg6 58. Nf5+ Kf6 59.
Nd4 0-1

[Event "HEM 2006 S"]
[Site "Marburg"]
[Date "2006.04.15"]
[Round "9.11"]
[White "Becker, Günter"]
[Black "Schmieder, Horst"]
[Result "0-1"]
[WhiteElo "1669"]
[BlackElo "1777"]
[PlyCount "78"]
[EventDate "2006.04.08"]
[EventType "swiss"]
[EventCountry "GER"]

1. c4 c5 2. g3 Nf6 3. Bg2 e6 4. Nf3 d5 5. cxd5 exd5 6. O-O Be7 7. d4 O-O 8.
dxc5 Bxc5 9. Bg5 Be6 10. Nc3 Be7 11. Nd4 h6 12. Bd2 a6 13. Qb3 b5 14. e3 Bc5
15. Nce2 Bxd4 16. Nxd4 Qd7 17. Rac1 Rc8 18. Rxc8+ Qxc8 19. Rc1 Qe8 20. Rc7 Nbd7
21. Qc2 Nf8 22. Nxe6 fxe6 23. Bh3 Ne4 24. Ba5 Ng5 25. Bg2 Qh5 26. Bc3 Nf7 27.
f3 Qg5 28. Qd3 Qd8 29. Qd4 e5 30. Qc5 Ne6 31. Qb6 Nxc7 32. Ba5 Ne8 33. Qc6 Qc8
34. Qxd5 Qc1+ 35. Bf1 Rc8 36. Bc3 Qxe3+ 37. Kg2 Qc5 38. Qe4 Nf6 39. Qg6 b4 0-1